000 00682nam a2200241Ia 4500
003 OSt
005 20221005120806.0
006 a|||||r|||| 00| 0
007 ta
008 221004b |||||||| |||| 00| 0 urd d
020 _c172
024 _a4650
037 _b6066, 25/03/2013, Educational Publishing House
_cTextual
040 _aCRL
_cCRL
_burd
041 _2urd
_aurd
082 _aO168,2M46x, P2.2
100 _aSarshar Ratan Nath
245 0 _aFasana-e-Azad
260 _c2002
650 _aURDU DRAMA
942 _hO168,2M46x, P2.2
_cTEXL
_2cc
999 _c1039143
_d1039143